Exports of manufactured goods from developing countries

Enregistré dans:
Détails bibliographiques
Auteur principal: Torre, Jose R. de la
Format: Livre
Langue:Undetermined
Publié: New York Arno Press 1976
Sujets:
Tags: Ajouter un tag
Pas de tags, Soyez le premier à ajouter un tag!
Thư viện lưu trữ: Trung tâm Học liệu Trường Đại học Cần Thơ
LEADER 00547nam a2200193Ia 4500
001 CTU_82305
008 210402s9999 xx 000 0 und d
082 |a 382 
082 |b T689 
100 |a Torre, Jose R. de la 
245 0 |a Exports of manufactured goods from developing countries 
245 0 |c Jose R. de la Torre 
260 |a New York 
260 |b Arno Press 
260 |c 1976 
650 |a Manufactures,Exports 
650 |x Developing countries 
904 |i Trọng Hải 
980 |a Trung tâm Học liệu Trường Đại học Cần Thơ